000 00881nam a2200277 a 4500
999 _c9035
_d9035
001 9035
003 BD-JhCC
005 20180314180828.0
008 891006s1989 ii b 001 0 eng
020 _a8170271428 :
_cRs100.00
020 _a8170271436 (pbk.)
035 _a(BD-JhCC)9035
040 _aDLC
_cDLC
_dDLC
_dBD-JhCC
041 _aeng
050 0 0 _aDS480.842.A923
_bG36 1989
082 0 0 _a954.03/5
_220
_bAZA 1989
100 1 _a Azad, Maulana Abul Kalam
245 1 0 _aIndia wins freedom :
_ban autobiographical narrative /
_cMaulana Abul Kalam Azad
260 _aNew Delhi :
_bRadiant Publishers,
_c1989.
300 _ax, 108 p. ;
_c23 cm.
500 _aCritique of the causes leading to the partition of India, 1947.
504 _aIncludes bibliographical references.
651 0 _aIndia
_xPolitics and government
_y1919-1947.
942 _2ddc
_cBK